Sociálne zabezpečenie
Úplné znenie zákona č. 100/1998 Zb. o sociálnom zabezpečení v znení neskorších predpisov, s komentárom.
Gespeichert in:
| 1. Verfasser: | |
|---|---|
| Weitere Verfasser: | |
| Format: | Buchkapitel |
| Sprache: | Slowakisch |
| Schlagworte: | |
| Tags: |
Keine Tags, Fügen Sie das erste Tag hinzu!
|
MARC
| LEADER | 00000naa a2200000 4500 | ||
|---|---|---|---|
| 001 | r041447 | ||
| 005 | 20230919115820.5 | ||
| 041 | 0 | |a slo | |
| 044 | |a SK | ||
| 245 | 1 | 0 | |a Sociálne zabezpečenie |c Eleonóra Novotná, Kornélia Kasanická |
| 520 | |a Úplné znenie zákona č. 100/1998 Zb. o sociálnom zabezpečení v znení neskorších predpisov, s komentárom. | ||
| 610 | 2 | 0 | |a zabezpečenie sociálne |
| 610 | 2 | 0 | |a zákony |
| 610 | 2 | 0 | |a komentáre |
| 610 | 2 | 0 | |a Slovensko |
| 610 | 2 | 0 | |a poistenie dôchodkové |
| 610 | 2 | 0 | |a poistenie sociálne |
| 610 | 2 | 0 | |a dávky poistenia nemocenského |
| 610 | 2 | 0 | |a dávky sociálne |
| 100 | 1 | |a Novotná, Eleonóra | |
| 700 | 1 | |a Kasanická, Kornélia | |